Галицький Усе-Світ (Запис № 381124)

МАРК-запис
000 -Лідер
fixed length control field 02863nam a22003017a 4500
003 - Ідентифікатор контрольного номера
control field UA-OsUOA
001 - Контрольний номер
control field 94857
007 - Фіксоване поле фізичного опису
fixed length control field ta
008 - Елементи даних фіксованої довжини – загальна інформація
fixed length control field 20130218b un ||||| |||| 00| 0 ukr d
090 ## - Локальний шифр розміщення
Класифікаційний індекс УДК 82-92
Авторський знак (НП) Г15
040 ## - Джерело каталогізації
Агенція оригінальної каталогізації UA-OsUOA
Мова каталогізації ukr
Агенція, яка здійснювала перезапис UA-OsUOA
Агенція, яка здійснювала модифікацію UA-OsUOA
041 ## - Код мови
Код мови тексту/ звукової доріжки чи окремого заголовка (П) ukr
080 ## - Індекс Універсальної десяткової класифікації
Індекс Універсальної десяткової класифікації (УДК) (НП) 82-92
245 ## - Відомості про назву
Назва (НП) Галицький Усе-Світ
Решта назви (НП) незалежний культурологічний часопис "Ї"
Дані про відповідальність (НП) гол. ред. Т. Возняк
260 ## - Публікація, розповсюдження і т.п. (Вихідні дані)
Місце публікації, розповсюдження і т.п. (П) Львів
Ім’я/ наймення видавництва, розповсюджувача і т.п. (П) Ї
Дата публікації, розповсюдження і т.п. (П) 2006
250 ## - Відомості про видання (редакцію)
-- число 42
300 ## - Фізичний опис
Обсяг 450 с.
520 3# - Резюме і т.п.
Резюме, реферат, анотація, тощо (НП) Зміст:Ірина Магдиш — Галицький БальзакТарас Возняк — Семантичні простори містаІван Франко — Рутенці. Типи галицьких русинівЮзеф Шуйський — Поляки і русини в ГаличиніМар'яна Левицька — Портрет містаАліса Васільєва, Ольга Артеменко — Франк
520 3# - Резюме і т.п.
Резюме, реферат, анотація, тощо (НП) о. ТопонімікаЮрко Прохасько — Галицький графІрина Котлобулатова — КнигаріЕнциклопедія галицьких типів. Епоха Франка* фланер* ґоґусь* руський патріот* франц йосиф I габсбурґ* канцеліст* бурмістр* візитер* виборець* виборчі гієни
520 3# - Резюме і т.п.
Резюме, реферат, анотація, тощо (НП) * президент суду* суддя* судія* меценас* банковець* фабрикант* інженер* тіролець сходу* зупак* ветеран* польова патрійотка* посол до сейму* старий прохасько* гімназист* жінка на студіях* картяр* фундатор гімназії* о
520 3# - Резюме і т.п.
Резюме, реферат, анотація, тощо (НП) тець катехит* відьма* професор* матурист* театрал* льойтнант* франко* колекціонер* краєзнавець* франко* графиня* респектована панна* дульська* пошлюбниця* морґенґабе* таємна пасія* бальова панночка* чорна дама* прос
520 3# - Резюме і т.п.
Резюме, реферат, анотація, тощо (НП) та тутка* бабця* еґоїст* рогоносець* коляборант* ренеґат* расиста* жидівська дитина* ганделес* циган* корчмар* пияк* фантазер* сьвіркОлесь Бережний — Сніданок у ЛьвовіБогдан Волошин — Франкові дітиЛюдмила Острякова — І
520 3# - Резюме і т.п.
Резюме, реферат, анотація, тощо (НП) вану Франку, з любов'ю
650 #7 - Додаткове предметне введення – тематичний термін
Тематичний термін чи географічна назва, як елемент введення (НП) 82 Література. Літературознавство
Джерело заголовка чи терміна UDC
942 ## - Додаткові елементи входу (Коха)
Тип елемента Koha Книги
955 ## - Код типу видання за змістом
Код типу видання за змістом (НП) Навчальні видання
Фонди
Стан вилучень Стан втрат Джерело класифікації або схеми стелажів Стан уражень Не для кредиту Постійне місце розташування Поточне розміщення Дата придбання Джерело придбання Вартість, звичайна ціна покупки Інвентарний номер Усього замовленно Повний номер виклику Штрих-код Дата останнього перегляду Ціна ефективна від Тип елемента Koha
    Universal Decimal Classification     АБ - Абонемент НБ АБ - Абонемент НБ 25/04/2014 19/2014 15.00 145474   82-92 Г15 145474 10/02/2022 18/02/2013 Книги
    Universal Decimal Classification     ЧЗ - Читальна зала ЧЗ - Читальна зала 18/02/2013 7/2013 15.00 141553   82-92 Г15 141553 08/11/2021 18/02/2013 Книги